000 00709nam a2200205Ia 4500
003 GCL
008 140319s9999 xx 000 0 ara d
040 _aGCL /
_cGCL
082 0 4 _a621.56
_bص ا
100 1 _aصبرى بولس
245 1 0 _aاجهزة تكييف هواءالغرف والسيارات والوحدات المنفصلة تركيبها , طريقة عملها اعطالها , طرق اصلاحها /
_cصبرى بولس
260 _a[S.N] :
_bدار المعارف ،
_c1992
300 _a424 ص
490 _a
650 0 4 _aالسيارات
650 0 4 _aتكييف الهواء
650 0 4 _aتبريد السيارات
650 0 4 _aهندسة كهربائية
942 _2ddc
_cBK
999 _c56193
_d56193